00334nam a2200121Ia 4500008004100000041000800041082001500049100002200064245004500086260004200131300003000173365000900203240624s9999 xx 000 0 und d aeng a332.64 BOU aBOUZOUBAA MOHAMED aEXOTIC OPTIONS AND HYBRIDS A GUIDE TO ST c2010aNew JerseybJohn Wiley and Sons axx, : 372 : p. : cm. ; 24 cb27